000 00946nac a22002771u 4500
003 EG-ScBUE
005 20220210140334.0
008 200219s1991 ii f 000 f eng d
035 _a(CaONFCNI)uk5114109
040 _aEG-ScBUE
_beng
_erda
_cEG-ScBUE
_dEG-ScBUE
082 0 4 _a823.8
_bDIC
_222
100 1 _aDickens, Charles,
_d1812-1870,
_eauthor.
_935484
245 1 0 _aBleak house /
_cCharles Dickens ; with an introduction by R. Brimley Johnson.
264 1 _aCalcutta :
_bRupa Co.,
_c1991.
300 _a799 pages ;
_c16 cm
336 _2rdacontent
_atext
_btxt
337 _2rdamedia
_aunmediated
_bn
338 _2rdacarrier
_avolume
_bnc
650 7 _aYoung women
_vFiction.
_2BUEsh
650 7 _aGuardian and ward
_vFiction.
_2BUEsh
651 7 _aLondon (England)
_vFiction.
_2BUEsh
653 _bHHUUEENN
_cFebruary2022
655 _vReading book
_934232
700 1 _aJohnson, R. Brimley,
_eauthor of introduction, etc.
942 _cBB
_2ddc
999 _c29771
_d29742